000 01255nam a2200241Ia 4500
003 Ost
005 20260507075513.0
008 260507s9999||||xx |||||||||||||| ||und||
040 _cfsecg
041 _aara
082 _a332.1
100 _aالطاهر، عبد الله
_eمؤلف
245 0 _aالنقود والبنوك والمؤسسات المالية /
_c عبد الله الطاهر
250 _aطبعة 2
260 _aعمان:
_bمركز يزيد للنشر,
_c2006
300 _a470 صفحة؛
_bإيضاحات ؛
_c25 سم
504 _aببليوغرافيا:ص ص.469-470
520 _aمفهوم النقود،النظم النقدية،العرض والطلب على النقود،الظواهر النقدية والتقلبات الإقتصادية،سعر الفائدة مؤسسات الإيداع المالية،المستجدات في العمل المصرفي،البنوك المتخصصة،البنوك المركزية،السياسة النقدية،أسواق الإئتمان،الجهاز المصرفي والسوق المالي في الأردن،النظام النقدي الدولي
653 _aالبنوك
653 _aالسياسة النقدية
653 _aالنقود
942 _cكتاب
999 _c44745
_d44745